| 000 | 02381cam a2200337 a 4500 | ||
|---|---|---|---|
| 001 | 14068395 | ||
| 003 | ARRUPE | ||
| 005 | 20211104104628.0 | ||
| 008 | 050809s2005 ja b 001 0 eng | ||
| 010 | _a 2005022850 | ||
| 020 | _a9280811193 (pbk.) | ||
| 040 |
_aDLC _cDLC _dDLC |
||
| 042 | _apcc | ||
| 043 | _af------ | ||
| 050 | 0 | 0 |
_aHN780.Z9 _bS628 2005 |
| 082 | 0 | 0 |
_a303.6/072/06 _222 |
| 245 | 0 | 0 |
_aResearching conflict in Africa : _binsights and experiences / _cedited by Elisabeth Porter ... [et al.]. |
| 260 |
_aTokyo ; _aNew York : _bUnited Nations University Press, _c2005. |
||
| 300 |
_axiii, 170 p. ; _c24 cm. |
||
| 504 | _aIncludes bibliographical references and index. | ||
| 505 | 0 | _aIntroduction / Eghosa Osaghae and Gillian Robinson -- Insider-outsider issues in researching violent and divided societies / Marie Smyth -- Preventing and managing violent conflict : the role of the researcher / Albrecht Schnabel -- The role and function of research in a divided society : a case study of the Niger Delta region of Nigeria / Bolanle Akande Adetoun -- Methodological lessons : working with Liberian and Togolese refugees in Ghana / Dominic Agyeman -- Applying social work practice to the study of ethnic militias : the Oduduwa People's Congress in Nigeria / Isaac Olawale Albert -- Researching ethno-political conflicts and violence in the Democratic Republic of Congo / Arsène Mwaka Bwenge -- Accessing the child's voice : methods used in South Africa / Jacqui Gallinetti -- Certainty, subjectivity, and truth : reflections on the ethics of wartime research in Angola / J. Zoë Wilson -- Gender research in violently divided societies : methods and ethics of "international" researchers in Rwanda / Erin K. Baines -- Conclusion: Reflections on contemporary research in Africa / Elisabeth Porter. | |
| 650 | 0 |
_aSocial conflict _xResearch _zAfrica. _950990 |
|
| 650 | 0 |
_aEthnic conflict _xResearch _zAfrica. _950991 |
|
| 650 | 0 |
_aViolence _xResearch _zAfrica. _950992 |
|
| 650 | 0 |
_aResearch _xMoral and ethical aspects _zAfrica. _950993 |
|
| 700 | 1 |
_aPorter, Elisabeth J. _950994 |
|
| 856 | 4 | 1 |
_3Table of contents _uhttp://www.loc.gov/catdir/toc/ecip0517/2005022850.html |
| 906 |
_a7 _bcbc _corignew _d1 _eecip _f20 _gy-gencatlg |
||
| 942 |
_2lcc _cMONOGRAPH |
||
| 999 |
_c131112 _d131112 |
||